000 00816nas a2200277 4500
001 BR9802298
003 BR-BrBNA
005 20231205101016.0
007 ta
008 230509b bl.|||p| |||| 00| 00por d
040 _aBR-BrBNA
_bpor
_cBiblioteca Nacional de Agricultura
041 _a(Pt)
072 _aL73
100 1 _aHagiwara, M.K.
100 1 _aReche Junior, A.
100 1 _aLucas, S.R.R.
245 1 _aEstudo clinico da infeccao de felinos pelo virus da leucemia felina em Sao Paulo
650 _aGato
650 _aLeucemia
650 _aVirus
650 _aInfeccao
650 _aSao Paulo
773 0 _tRevista Brasileira de Ciencia Veterinaria (Brazil)
_xISSN 1413-0130
_g(Jan-Apr 1997), v. 14(1) p. 35-38
_wBR9802298
909 _a202311
_bLúcia
_c55
_dLúcia Elande
942 _2AGRIS
_n0
_cANA
999 _c159274
_d159274